ARRUPE JESUIT UNIVERSITY

CORONAVIRUS -STOP THE SPREAD - CLEAN,DISINFECT,COVER

The Paradox of Disability (Record no. 6564)

MARC details
000 -LEADER
fixed length control field 00588nam a2200205Ia 4500
003 - CONTROL NUMBER IDENTIFIER
control field 0100
008 - FIXED-LENGTH DATA ELEMENTS--GENERAL INFORMATION
fixed length control field 130227s9999 xx 000 0 und d
040 ## - CATALOGING SOURCE
Transcribing agency ARRUPELIB
050 ## - LIBRARY OF CONGRESS CALL NUMBER
Classification number BV4461.3.W43 2010
100 ## - MAIN ENTRY--PERSONAL NAME
Personal name Reinders, Hans S.
245 #4 - TITLE STATEMENT
Title The Paradox of Disability
245 ## - TITLE STATEMENT
Remainder of title Responses to Jean Vanier and L'Arche Communities from theology and the sciences
260 ## - PUBLICATION, DISTRIBUTION, ETC. (IMPRINT)
Place of publication, distribution, etc Cambridge
260 ## - PUBLICATION, DISTRIBUTION, ETC. (IMPRINT)
Name of publisher, distributor, etc Wm.B.Eerdmans Publishing co.
260 ## - PUBLICATION, DISTRIBUTION, ETC. (IMPRINT)
-- 2010
300 ## - PHYSICAL DESCRIPTION
Extent viii
300 ## - PHYSICAL DESCRIPTION
Other physical details 183p. 23cm.
650 ## - SUBJECT ADDED ENTRY--TOPICAL TERM
Topical term following geographic name as entry element Liberation theology- History of doctrines- sources
942 ## - ADDED ENTRY ELEMENTS (KOHA)
Source of classification or shelving scheme Library of Congress Classification
Koha issues (borrowed), all copies 1
Holdings
Withdrawn status Lost status Source of classification or shelving scheme Damaged status Not for loan Collection code Home library Current library Shelving location Date acquired Total Checkouts Full call number Barcode Date last seen Date last borrowed Copy number Price effective from Koha item type
    Library of Congress Classification     Main Collection ARRUPE LIBRARY ARRUPE LIBRARY   27/02/2013 4 BV4461.3.W43 2010 46409113 26/05/2020 09/09/2019 1 27/02/2013 Monograph ( Printed materials)

 

Arrupe Library. PO Box MP320 Mt Pleasant, Harare, Zimbabwe
263 242 745411|librarian@aju.ac.zw